| 000 | 00822cab a2200241 4500 | ||
|---|---|---|---|
| 001 | W7485 | ||
| 008 | 090401t1994 xxu||||| |||| 00| 0 eng d | ||
| 035 | _a(Sirsi) u33639 | ||
| 041 | _aeng | ||
| 245 | _aPoor service report slammed | ||
| 260 | _c1994 | ||
| 350 | _a0 | ||
| 490 |
_aProperty Week _v47(4) 28 April 1994, 4(1) |
||
| 520 | _aThe RICS proposed measures for investigating inadequate professional services were slammed by members at a General Council meeting on the grounds that the cost of such action would be too open ended. | ||
| 650 | _aABOUT RICS-RICS MEMBERS | ||
| 650 | _aGENERAL COUNCIL | ||
| 650 | _aGREEN PAPER | ||
| 650 | _aPROFESSIONAL CONDUCT | ||
| 650 | _aPROFESSIONAL SERVICES | ||
| 690 | _aMANAGEMENT-BUSINESS MANAGEMENT-PROFESSIONAL PRACTICE | ||
| 942 | _n0 | ||
| 948 | _c04/03/1997 | ||
| 999 |
_c22437 _d22437 |
||